Statistics for the behavioral sciences / (Record no. 5443)

MARC details
000 -LEADER
fixed length control field 01529cam a2200349 i 4500
001 - CONTROL NUMBER
control field 18603278
003 - CONTROL NUMBER IDENTIFIER
control field OSt
005 - DATE AND TIME OF LATEST TRANSACTION
control field 20260121171835.0
008 - FIXED-LENGTH DATA ELEMENTS--GENERAL INFORMATION
fixed length control field 150504s2017 at b 001 0 eng
010 ## - LIBRARY OF CONGRESS CONTROL NUMBER
LC control number 2015940372
020 ## - INTERNATIONAL STANDARD BOOK NUMBER
International Standard Book Number 9781305504912
Qualifying information Student edition
020 ## - INTERNATIONAL STANDARD BOOK NUMBER
International Standard Book Number 9781305862807
Qualifying information Loose-leaf-edition
035 ## - SYSTEM CONTROL NUMBER
System control number 18603278
040 ## - CATALOGING SOURCE
Language of cataloging eng
Transcribing agency Foundation University
Description conventions rda
042 ## - AUTHENTICATION CODE
Authentication code pcc
050 00 - LIBRARY OF CONGRESS CALL NUMBER
Classification number BF 39
Item number .2017 G37
100 1# - MAIN ENTRY--PERSONAL NAME
Personal name Gravetter, Frederick J.,
Relator term author.
9 (RLIN) 14189
245 10 - TITLE STATEMENT
Title Statistics for the behavioral sciences /
Statement of responsibility, etc. Frederick J. Gravetter, The College at Brockport, State University of New York, Larry B. Wallnau, The College at Brockport, State University of New York.
250 ## - EDITION STATEMENT
Edition statement 10th edition.
264 #1 - PRODUCTION, PUBLICATION, DISTRIBUTION, MANUFACTURE, AND COPYRIGHT NOTICE
Place of production, publication, distribution, manufacture Australia ;
-- United States :
Name of producer, publisher, distributor, manufacturer Cengage Learning,
Date of production, publication, distribution, manufacture, copy right date 2017.
Copyright Date 2017.
300 ## - PHYSICAL DESCRIPTION
Extent xix, 732 pages :
Other physical details illustrations (some color) ;
Dimensions 26 cm.
Materials specified resource
Type of unit volume
336 ## - CONTENT TYPE
Content type term text
Content type code txt
Source rdacontent
337 ## - MEDIA TYPE
Media type term unmediated
Media type code n
Source rdamedia
338 ## - CARRIER TYPE
Carrier type term volume
Carrier type code nc
Source rdacarrier
Materials specified resource
504 ## - BIBLIOGRAPHY, ETC. NOTE
Bibliography, etc. note Includes bibliographical references (pages 717-721) and index.
650 #0 - SUBJECT ADDED ENTRY--TOPICAL TERM
Topical term or geographic name entry element Psychology
General subdivision Statistical methods.
9 (RLIN) 14190
650 #0 - SUBJECT ADDED ENTRY--TOPICAL TERM
Topical term or geographic name entry element Educational statistics.
9 (RLIN) 8181
658 ## - INDEX TERM--CURRICULUM OBJECTIVE
Main curriculum objective Psychology, Bachelor of Science in.
700 1# - ADDED ENTRY--PERSONAL NAME
Personal name Wallnau, Larry B.,
Relator term author.
9 (RLIN) 14191
856 ## - ELECTRONIC LOCATION AND ACCESS
Uniform Resource Identifier <a href="https://drive.google.com/file/d/1b9g2dBJ8Wad0bTqSqnaoLopXjb_qUCrS/view?usp=share_link">https://drive.google.com/file/d/1b9g2dBJ8Wad0bTqSqnaoLopXjb_qUCrS/view?usp=share_link</a>
Link text Click here to view the table of content
942 ## - ADDED ENTRY ELEMENTS (KOHA)
Source of classification or shelving scheme Library of Congress Classification
Koha item type Books
Edition 10th edition.
Classification part BF 39
Item part .2017 G37
Call number prefix (CAS-Psy.)
Holdings
Uniform Resource Identifier Withdrawn status Lost status Source of classification or shelving scheme Damaged status Not for loan Collection code Home library Current library Shelving location Date acquired Source of acquisition Total Checkouts Full call number Barcode Date last seen Price effective from Koha item type Accession Number
https://drive.google.com/file/d/1b9g2dBJ8Wad0bTqSqnaoLopXjb_qUCrS/view?usp=share_link     Library of Congress Classification     Non-fiction Foundation University Library Foundation University Library CoArts & Sciences 01/21/2026 QT   (CAS-Psy.) BF 39 .2017 G37 0072026017005 01/21/2026 01/21/2026 Books CAS-Psy.-2026005